000 00373nam a22001457a 4500
008 230216b |||||||| |||| 00| 0 eng d
020 _a978-1-78504-211-9
082 _a362.20 JOH
100 _aDr. Spencer Johnson
245 _aOut of the maze
_cDr. Spencer Johnson
260 _aIndia;
_bVermilion
_c2018
300 _a84 p.
_c20.7 cm
942 _2ddc
999 _c9296
_d9297